00277nam a2200121Ia 4500008004100000100001400041245002800055260001900083300000900102650002200111942000700133999001500140190216s9999||||xx |||||||||||||| ||und|| aFinar I L 0aOrganic Chemistry Vol 2 bLongmansc1987 a942p aOrganic Chemistry cBK c2506d2506